| 000 | 00772cam a22002533a 4500 | ||
|---|---|---|---|
| 001 | 17507 | ||
| 003 | PGUSA | ||
| 005 | 20140828083355.0 | ||
| 008 | 060112s2006||||xxu|||||s|||||000 1 eng d | ||
| 040 |
_aPGUSA _beng |
||
| 042 | _adc | ||
| 050 | 4 | _aPS | |
| 100 | 1 |
_aLaughlin, Clara E. _q(Clara Elizabeth), _d1873-1941 |
|
| 245 | 1 | 0 |
_aEverybody's Lonesome : _bA True Fairy Story _h[electronic resource] / _cClara E. Laughlin |
| 260 |
_bProject Gutenberg, _c2006 |
||
| 506 | _aPublic domain in the USA. | ||
| 516 | _aElectronic text | ||
| 653 | _aConduct of life -- Fiction | ||
| 653 | _aYoung women -- Fiction | ||
| 700 | 1 |
_aKeller, Arthur Ignatius, _d1866-1924 |
|
| 830 | 0 |
_aProject Gutenberg _v17507 |
|
| 856 | 4 | 0 | _uhttp://www.gutenberg.org/ebooks/17507 |
| 942 | _cEB | ||
| 999 |
_c246762 _d246762 |
||